Yo (no) quiero ser feliz /

Yo (no) quiero ser feliz analiza con compasión, pero sin concesiones, las trampas mas frecuentes que, sin querer, se hacen las personas a si mismas en su búsqueda de la felicidad: la ausencia de sexo en la pareja, al abuso del alcohol, el chantaje emocional, el miedo al éxito, la voracidad, las rela...

Full description

Bibliographic Details
Main Author: Weinstein, Eugenia
Format: Libro
Language:Spanish
Published: Santiago, Chile Aguilar 2009
Edition:1a. ed.
Subjects:
Online Access:

MARC

LEADER 00000cam a2200000 a 4500
001 001578
003 UAHC_CL
005 20170803115744.0
008 100107s2009 cl 000 spa
020 |a 9789562397018 
040 |a UAHC_CL  |c UAHC_CL  |d UAHC_CL 
082 0 4 |a 152.42  |b W424  |2 21 
100 1 |a Weinstein, Eugenia 
245 1 0 |a Yo (no) quiero ser feliz /  |c Eugenia Weinstein. 
250 |a 1a. ed. 
260 |b Aguilar  |a Santiago, Chile  |c 2009 
300 |a 165 p. 
520 |a Yo (no) quiero ser feliz analiza con compasión, pero sin concesiones, las trampas mas frecuentes que, sin querer, se hacen las personas a si mismas en su búsqueda de la felicidad: la ausencia de sexo en la pareja, al abuso del alcohol, el chantaje emocional, el miedo al éxito, la voracidad, las relaciones amorosas adictivas, el trabajo toxico, el narcisismo, la «ciberinfedelidad», los secretos familiares y la ambición de poder, entre otras. 
650 4 |a FELICIDAD 
650 4 |a CONDUCTA DE VIDA  |v MISCELANEA 
653 |a PSICOLOGIA 
900 |a 152.42 WEI 
942 |c BK 
952 |0 0  |1 0  |4 0  |6 152_420000000000000_WEI  |7 0  |8 General  |9 3612  |a BC  |b BC  |c General  |d 2017-08-03  |l 0  |o 152.42 WEI  |p 1375812  |r 2026-01-07 00:00:00  |t 1  |w 2017-08-03  |y BK 
999 |c 1578  |d 1578